Claiming power from below : (Record no. 31991)
[ view plain ]
| 000 -LEADER | |
|---|---|
| fixed length control field | 01634cam a2200349 a 4500 |
| 005 - DATE AND TIME OF LATEST TRANSACTION | |
| control field | 20090403072145.0 |
| 008 - FIXED-LENGTH DATA ELEMENTS--GENERAL INFORMATION | |
| fixed length control field | 080826s2008 ii a b 010 0 eng |
| 010 ## - LCCN (DPL NO) | |
| LC control number | ENG-95526 |
| 020 ## - INTERNATIONAL STANDARD BOOK NUMBER | |
| International Standard Book Number | 9780198063483 |
| Terms of availability | 295.00 |
| 020 ## - INTERNATIONAL STANDARD BOOK NUMBER | |
| International Standard Book Number | 0198063482 |
| 035 ## - SYSTEM CONTROL NUMBER | |
| System control number | EN-79059 |
| 037 ## - SOURCE OF ACQUISITION | |
| Source of stock number/acquisition | DBAD/PUB |
| 040 ## - CATALOGING SOURCE | |
| Original cataloging agency | DPL |
| 245 ## - TITLE STATEMENT | |
| Title | Claiming power from below : |
| Remainder of title | dalits and the subaltern question in India / |
| Statement of responsibility, etc | edited by Manu Bhagavan and Anne Feldhaus. |
| 260 ## - PUBLICATION, DISTRIBUTION, ETC. (IMPRINT) | |
| Place of publication, distribution, etc | New Delhi : |
| Name of publisher, distributor, etc | Oxford University Press, |
| Date of publication, distribution, etc | 2009 |
| 300 ## - PHYSICAL DESCRIPTION | |
| Extent | x, 222 p. : |
| Other physical details | ill. ; |
| Dimensions | 23 cm.(Pbk) |
| 500 ## - GENERAL NOTE | |
| General note | Companion volume of Speaking truth to power. |
| 500 ## - GENERAL NOTE | |
| General note | "Published writing of Eleanor Zelliot"--p. [211]-222. |
| 504 ## - BIBLIOGRAPHY, ETC. NOTE | |
| Bibliography, etc | Includes bibliographical references. |
| 520 ## - SUMMARY, ETC. | |
| Summary, etc | On the political ideologies of Dalits and their literature; contributed articles honoring the memory of Eleanor Zelliot, b.1926. |
| 650 ## - SUBJECT ADDED ENTRY--TOPICAL TERM | |
| Topical term or geographic name as entry element | Dalits |
| Geographic subdivision | India. |
| 650 ## - SUBJECT ADDED ENTRY--TOPICAL TERM | |
| Topical term or geographic name as entry element | Indic literature |
| General subdivision | Dalit authors |
| -- | History and criticism. |
| 700 ## - ADDED ENTRY--PERSONAL NAME | |
| Personal name | Bhagavan, Manu Belur, |
| Dates associated with a name | 1970- |
| 700 ## - ADDED ENTRY--PERSONAL NAME | |
| Personal name | Feldhaus, Anne. |
| 700 ## - ADDED ENTRY--PERSONAL NAME | |
| Personal name | Zelliot, Eleanor, |
| Dates associated with a name | 1926- |
| 856 ## - ELECTRONIC LOCATION AND ACCESS | |
| Materials specified | Publisher description |
| Uniform Resource Identifier | <a href="http://www.loc.gov/catdir/enhancements/fy0907/2008331618-d.html">http://www.loc.gov/catdir/enhancements/fy0907/2008331618-d.html</a> |
| 856 ## - ELECTRONIC LOCATION AND ACCESS | |
| Materials specified | Table of contents only |
| Uniform Resource Identifier | <a href="http://www.loc.gov/catdir/enhancements/fy0907/2008331618-t.html">http://www.loc.gov/catdir/enhancements/fy0907/2008331618-t.html</a> |
| 856 ## - ELECTRONIC LOCATION AND ACCESS | |
| Materials specified | Contributor biographical information |
| Uniform Resource Identifier | <a href="http://www.loc.gov/catdir/enhancements/fy0907/2008331618-b.html">http://www.loc.gov/catdir/enhancements/fy0907/2008331618-b.html</a> |
| 942 ## - ADDED ENTRY ELEMENTS (KOHA) | |
| Source of classification or shelving scheme | Dewey Decimal Classification |
| Item type | English Books |
| Call number suffix | CLA |
| Withdrawn status | Lost status | Source of classification or shelving scheme | Damaged status | Not for loan | Collection code | Home library | Current library | Date acquired | Source of acquisition | Cost, normal purchase price | Total Checkouts | Full call number | Barcode | Date last seen | Copy number | Cost, replacement price | Koha item type |
|---|---|---|---|---|---|---|---|---|---|---|---|---|---|---|---|---|---|
| Dewey Decimal Classification | Not For Loan | Non-fiction | D.B.Act.Division | D.B.Act.Division | 21/11/2009 | DBAD / PUB | 295.00 | CLA | EN-79059 | 21/11/2009 | 1 | 295.00 | English Books |
